000
00285nam a2200121 a 4500
008
101213s1952|||| d
245
1
0
_a
Úvod do estetiky hudby
100
1
_a
Nováček, Zdeněk
260
_b
SAVU
_a
Bratislava
_c
1952
020
_c
80
044
_a
xo
_c
SK
041
_a
slo
999
_c
15193
_d
15193